000 00748nam a2200205 a 4500
001 000047150
005 20201002053410.0
008 180417s2017 dr abc 000 0 spa d
020 _a9789945124491
040 _aDO-SdBNP
_bspa
_cBNPHU
082 _axxxx
_bM538c
100 1 _aMéndez R., Maritza
_974936
245 1 0 _aCiencias sociales 2 :
_bsecundaria /
_cMaritza Méndez R.
260 _aSanto Domingo :
_bSusaeta,
_c2017.
300 _a232 p. :
_bil., retrs. ;
_c29 cm.
504 _aBibliografía : p. 232
505 0 _aLa tierra, escenario de la humanidad --
_tDinámica de la población --
_tImperialismo y revolución --
_tEl mundo a partir de 1945--
500 _aEnfoque por competencias nuevo currículo
590 _aInventariado, 2018/LP
999 _c46638
_d46638